Central Library OPAC University of Rajshahi

A companion to Shakespeare studies / (Record no. 17727)

MARC details
000 -LEADER
fixed length control field 01032cam a22002891 4500
001 - CONTROL NUMBER
control field 17727
003 - CONTROL NUMBER IDENTIFIER
rucl marc code BD-RjUL
005 - DATE AND TIME OF LATEST TRANSACTION
control field 20211209000201.0
008 - FIXED-LENGTH DATA ELEMENTS--GENERAL INFORMATION
fixed length control field 140217r19621934nyuaeh b 001 1beng d
035 ## - SYSTEM CONTROL NUMBER
System control number (BD-RjUL)17785
040 ## - CATALOGING SOURCE
Original cataloging agency DLC
Transcribing agency DLC
Modifying agency DLC
-- BD-RjUL
Language of cataloging eng
041 ## - LANGUAGE CODE
Language code of text/sound track or separate title eng
082 00 - DEWEY DECIMAL CLASSIFICATION NUMBER
Classification number 822.33
Author mark and year COM 1962
100 ## - MAIN ENTRY--PERSONAL NAME
Dates associated with a name 1877-1946,
9 (RLIN) 54638
245 12 - TITLE STATEMENT
Title A companion to Shakespeare studies /
Statement of responsibility, etc. edited by Harley Granville-Barker and G. B. Harrison.
260 ## - PUBLICATION, DISTRIBUTION, ETC. (IMPRINT)
Place of publication, distribution, etc. New York :
Name of publisher, distributor, etc. The Macmillan company :
Place of publication, distribution, etc. Cambridge, Eng. :
Name of publisher, distributor, etc. The University press,
Date of publication, distribution, etc. 1934. [Reprinted 1962]
300 ## - PHYSICAL DESCRIPTION
Pagination x p., 1 l., 408 p. :
Illustrations illus. (incl. plans) facsims. ;
Size 23 cm.
504 ## - BIBLIOGRAPHY, ETC. NOTE
Bibliography, etc "Reading list": p. [347]-368. and Index
600 10 - SUBJECT ADDED ENTRY--PERSONAL NAME
Personal name Shakespeare, William,
Dates associated with a name 1564-1616
General subdivision Examinations
Personal name Shakespeare, William,
Dates associated with a name 1564-1616
Personal name Drama
700 1# - ADDED ENTRY--PERSONAL NAME
Personal name Granville-Barker, Harley,
Relator term joint ed.
Personal name Harrison, G. B.
942 ## - ADDED ENTRY ELEMENTS (KOHA)
Source of classification or shelving scheme Dewey Decimal Classification
Koha item type Books
Holdings
Lost status Source of classification or shelving scheme Damaged status Not for loan Collection code Permanent Location Current Location Shelving location Date acquired Source of acquisition Cost, normal purchase price Total Checkouts Full call number Date last seen Copy number Koha item type
  Dewey Decimal Classification   Not For Loan Non-fiction Central Library, University of Rajshahi Central Library, University of Rajshahi Reading Room 11/12/1962 Zeithlinger. 36.00   822.33 COM 1962 17/02/2014 C-1 Books
  Dewey Decimal Classification     Non-fiction Central Library, University of Rajshahi Central Library, University of Rajshahi   22/09/2020       822.33 COM 1962 22/09/2020 C-2 Books